000 00778cam a2200301 4500
008 090401t1995 xxu||||| |||| 00| 0 eng d
020 _a0117530123
035 _a(Sirsi) u76701
041 _aeng
050 _a306.13
100 _aForrest, Ray
245 4 _aThe resale of former council homes.
260 _aLondon
_bHMSO
_c1995
300 _axiii,181p. ; 30cm.
350 _a23
490 _aHousing Research Report
650 _aCOUNCIL HOUSING
650 _aHOME OWNERSHIP
650 _aHOUSING MARKET
650 _aRESIDENTIAL PROPERTY
_96266
650 _aRIGHT TO BUY
690 _aHOUSING
700 _aMurie, Alan
700 _aGordon, Dave
710 _aUnited Kingdom
_bDepartment of the Environment
_9982
942 _n0
948 _c04/03/1997
999 _c96234
_d96234